| 000 | 00425nab a2200133Ia 4500 | ||
|---|---|---|---|
| 003 | ES-SlBCS | ||
| 005 | 20210601142542.0 | ||
| 008 | 140529s2000 xxu||||| |||| 00| 0 spa d | ||
| 041 | _aspa | ||
| 100 | 1 |
_aSánchez, Salvador _9272614 |
|
| 245 | 0 | 0 |
_aAsteroides. Situación actual _c Salvador Sánchez |
| 773 | 0 |
_tInvestigacion y Ciencia (Traducción de: Scientific American) _gnº. 283, 2000, págs. 38-39 _wRev1650 |
|
| 942 | _cAR | ||
| 999 |
_c678608 _d678608 |
||